000 00717nam a2200217 i 4500
001 170039
003 ES-MaACL
005 20230906214253.0
008 090116s1962 fr |||| | fre d
080 _a17
100 1 _aBréhier, Émile.
_9148586
245 1 3 _aLa théorie des incorporels dans l'ancien stoïcisme /
_cpar Émile Bréhier.
250 _a3e éd.
260 _aParis :
_bJ. Vrin,
_c1962.
300 _a63 p., [1] h. ;
_c25 cm.
490 1 _aBibliothèque d'histoire de la philosophie
650 0 4 _aEstoicismo.
_912555
830 0 _aBibliothèque d'histoire de la philosophie
_9177275
852 4 _aES-MaACL
_jE-12389
_9R.140543
_z. - Biblioteca Jacinto Martínez Lacalle
999 _c170039
_d170039